[Event "Ciocaltea Memorial"]
[Site "Bucharest"]
[Date "1999.03.06"]
[Round "3"]
[White "Rogozenco, Dorian"]
[Black "Milu, Romeo Sorin"]
[Result "1/2-1/2"]
[WhiteElo "2557"]
[BlackElo "2395"]
[Annotator "Stohl,I"]
[PlyCount "45"]
[EventDate "1999.03.04"]
[EventType "tourn"]
[EventRounds "13"]
[EventCountry "ROU"]
[EventCategory "10"]
[SourceTitle "CBM 070"]
[Source "ChessBase"]
[SourceDate "1999.06.08"]
[SourceVersion "1"]
[SourceVersionDate "1999.06.08"]
[SourceQuality "1"]

1. d4 {Rogozenko} Nf6 2. c4 c5 3. d5 b5 4. cxb5 a6 5. b6 e6 6. Nc3 Bb7 $5 ({
A less played alternative to the more usual} 6... Nxd5 7. Nxd5 exd5 8. Qxd5 Nc6
9. e4 Be7 10. Bc4 O-O 11. Nf3 {[%csl Gd5] Black's idea is to deny White's
pieces the d5 outpost.}) 7. e4 exd5 8. exd5 d6 {Rogozenko: 'This system
against the 5.b6 line in Volga became popular lately. Black has a very
concrete approach - the attack of White´s pawn on d5. So far White failed to
demonstrate an advantage here, so I decided to play a completely new plan: to
sacrifice the pawn on d5 and try to organize an attack on the kingside. '} 9.
a4 (9. Bg5 $6 {Rogozenko} Be7 10. Nf3 O-O 11. Bc4 Nbd7 12. a4 Nxb6 13. Ba2
Nfxd5 14. Nxd5 Bxg5 15. Nxb6 Bxf3 16. Qxf3 Qxb6 $17 {1/2-1/2 Lomineishvili,
M-Jaehnisch,F/Chemnitz 1998/EXT 99 (20)}) 9... a5 $5 {The best reaction. It's
better not to give White too much space on the <<, as he will be able to stop
any counterplay by Black and concentrate on the Black >>:} (9... Qxb6 10. Bc4 (
10. a5 Qc7 11. Bc4 Be7 12. Nge2 O-O 13. O-O Nbd7 14. f4 Qd8 15. Qd3 Ne8 16. g4
Nc7 17. Bd2 Re8 18. g5 Bf8 19. h4 Rb8 20. Ng3 Bc8 21. b3 g6 22. Nce4 f5 23.
gxf6 Nxf6 24. Ng5 Bg7 25. Rae1 h6 26. Qxg6 hxg5 27. fxg5 Ng4 {1-0,Knaak,
R-Mainka,R/GER-CupT/1991}) 10... Nbd7 11. f4 $1 Be7 12. Nge2 O-O 13. O-O Rab8
14. a5 Qa7 15. Ng3 Qa8 16. b3 Ne8 17. Bb2 Bf6 18. Ra2 Bd4+ 19. Kh1 g6 20. Ba1
Nc7 21. Rd2 Bxd5 22. Nxd5 Nxd5 23. Rf3 N5f6 24. Bxd4 cxd4 25. Rxd4 d5 26. Bxd5
Nxd5 27. Rxd5 $16 {Shirov,A-Andruet,G/Val Maubuee/1989/}) 10. Bb5+ (10. Nf3 Be7
11. Bc4 Nbd7 12. O-O O-O 13. b3 Nxb6 14. Qd3 Ne8 15. Nd2 Bf6 16. Nde4 Be5 17.
Bg5 Qd7 18. Rae1 {'~~' Rogozenko.} h6 19. Bd2 Qg4 20. Nb5 Qh5 21. f4 Bb2 22.
Rb1 Bf6 23. Ng3 Qg4 24. Nf5 h5 25. Rbe1 h4 26. Ne7+ Bxe7 27. Rxe7 h3 $1 $132 {
Mikhalevski,A-Kogan,A/Budapest/1997/}) 10... Nbd7 11. Nge2 {The most usual
move, although other alternatives have been tried:} (11. Nh3 Be7 12. O-O O-O
13. Re1 Nxb6 14. Nf4 Ne8 $5 (14... Nfd7 15. Ne4 Nf6 16. Nc3 (16. Nxf6+ Bxf6 17.
Rb1 Be5 18. Nd3 Bd4 19. Bc6 Bxc6 20. dxc6 Qc7 21. Be3 Bxe3 22. Rxe3 Qxc6 $17 {
Ulko,J-Dubinsky,R/Moscow/1994/}) 16... Nfd7 17. Ra3 Bf6 18. Ne4 Be5 19. Rh3 Nf6
20. Nxf6+ Qxf6 21. Nh5 Qd8 22. Rxe5 dxe5 23. Qg4 g6 24. Bg5 f5 25. Qh4 Qc7 26.
d6 Qxd6 27. Nf6+ Kf7 28. Rd3 $18 {Krasnov,S-Dubinsky,R/Moscow/1995/}) (14...
Rc8 15. b3 Ne8 16. Ra2 Bf6 17. Ne4 Be5 18. Rae2 Nf6 19. Nxf6+ Qxf6 {Barsov,
A-Polgar,S/Wijk aan Zee/1997/ (30) '=' Rogozenko.}) 15. Bc6 Rb8 16. Nb5 Nc4 17.
Nh5 Bxc6 18. dxc6 Ne5 19. Ra3 Nxc6 20. Rg3 Kh8 21. Rh3 g6 22. b3 d5 23. Nf4 Nf6
24. Ba3 Nb4 25. Nd3 Bd6 $17 {Petran,P-Sziebert,A/HUN-chT1/1995/}) (11. Bg5 Be7
12. Bxf6 $6 Bxf6 13. Qg4 Qe7+ (13... h5 {Rogozenko} 14. Qf5 g6 15. Qh3 Bxc3+
16. bxc3 Bxd5 17. Ne2 Be6 18. Qg3 O-O 19. b7 Rb8 20. Qxd6 Rxb7 21. Rd1 Qb6 22.
O-O Qxd6 23. Rxd6 Nb6 24. h4 Rbb8 25. Nc1 Rfd8 26. Rc6 Bd7 {1/2-1/2
Chiburdanidze,M-Shinkevich,V/Perm 1997/CBM 58 (26)}) 14. Kd2 h5 15. Qh3 Bxc3+
16. bxc3 Bxd5 17. Ne2 Be6 18. Qf3 O-O 19. Qxh5 g6 20. Qh6 Nxb6 21. h4 Nc4+ 22.
Bxc4 Bxc4 23. Nf4 Rab8 $40 {Ho,A-Gershon,A/Zagan WchJ/1997/}) 11... Be7 12. O-O
(12. Ng3 O-O 13. Nf5 Nxb6 14. Ne3 {Rogozenko: 'With the same common idea -
just to defend d5 pawn.'} Ne8 15. O-O Nc7 16. Bd3 g6 $6 17. Qb3 Na6 18. Nc4 Nb4
{'~~' Rogozenko.} 19. Bh6 Re8 20. Nxb6 Qxb6 21. Bb5 Rec8 22. Rad1 Ba6 23. Ne4
f6 24. Qh3 f5 25. Qc3 Bf8 26. Nf6+ Kf7 27. Nd7 {1-0,Roeber,B-Matthey,H/
OLO-A9798/1998/}) 12... O-O 13. Ng3 {[%mdl 64] '!?' Rogozenko. A pawn
sacrifice, which however doesn't bring White an advantage. Black holds his own
in the following short tactical skirmish.} (13. Nf4 Re8 14. Re1 Bf8 15. Rxe8
Qxe8 16. Be3 (16. b3 $142 $5) 16... Qd8 17. Qf3 Qxb6 18. Rd1 Ne5 19. Qg3 Rc8
20. h3 Rc7 21. Nd3 Ned7 22. Qf3 Qa7 23. g4 Qa8 24. Nf4 Ne5 $132 {Leuly,
M-Collas,D/Montpellier/1991/}) 13... Nxb6 14. Nf5 {Rogozenko: 'This is what I
meant. I had a brief look before the game and decided to give it a try. '}
Nfxd5 (14... Nbxd5 {Rogozenko} 15. Re1 $1 $16 {and Black is completely
paralized.}) 15. Qg4 (15. Bh6 gxh6 16. Qg4+ Bg5 17. h4 (17. f4 Nxf4 18. Rxf4
Kh8 $17) 17... Kh8 $5 (17... Nf6 $2 18. Nxh6+ Kh8 19. Qxg5 $14) 18. hxg5 Qxg5
19. Qxg5 hxg5 20. Nxd6 Nxc3 21. bxc3 Bd5 $15) (15. Ne4 $5 {Rogozenko} Bc8 16.
Qf3 {is another possibility.}) 15... Bf6 (15... g6 $6 16. Bh6 Bf6 (16... Nf6
17. Qg5 $5 Nfd5 18. Qg3 $36) 17. Qg3 $14 {loses the exchange}) 16. Bh6 {
'?!' Rogozenko. Rogozenko: 'This was my initial idea, but it seems that after
a forced variation it leeds only to a draw.'} (16. Ne4 {Rogozenko} Bc8 17. Rd1
{looks promising.} (17. Ra3 $5)) 16... Bc8 $1 {'[]' Rogozenko.} (16... Nxc3 17.
Bxg7 (17. Nxg7 Kh8 $1 18. Bd3 c4 $19) (17. bxc3 Bc8 $17) 17... h5 $8 18. Nh6+ (
18. Qg3 $2 Ne4) (18. Bxf6+ hxg4 19. Bxd8 Rfxd8 20. bxc3 {[%csl Rd6,Rg4] ק,=/+/
=}) 18... Kh7 19. Qxh5 Kxg7 20. Nf5+ Kg8 21. bxc3 $44 {White has a guaranteed
draw and can continue his attack. (Re1-e3,Bd3 etc.)}) 17. Nxd5 (17. Bxg7 {
Rogozenko} Bxf5 18. Qxf5 Bxg7 19. Nxd5 {with the same position as in the game.}
) (17. Bd3 {Rogozenko it doesn´t work because of the nice reply} Ne7 $1 $17)
17... Nxd5 18. Bxg7 $8 (18. Bc6 $2 {Rogozenko} Bxf5 19. Qxf5 Ne7 $19) 18...
Bxf5 19. Qxf5 Bxg7 (19... Kxg7 {Rogozenko} 20. Qxd5 Bxb2 {is also possible.})
20. Qxd5 Bxb2 {'!' Rogozenko. Rogozenko: 'Otherwise White is clearly better.
Now Black is a pawn up which is enough compensation for his weak light-squares.
'} 21. Rae1 Qf6 22. Re4 $44 (22. Re3 $142 $5) 22... Kh8 23. Re3 {Black's extra
pawn doesn't count for much due to a strong White-square blockade, but White
doesn't have enough pieces for a successful >> attack.} (23. Re3 Bd4 24. Rf3 (
24. Rh3 Qe5) 24... Qe5 25. Bc6 $5 Qxd5 26. Bxd5 Ra7 27. Rb1 $44) 1/2-1/2

[Event "VISA Nordic GP Final"]
[Site "Gentofte"]
[Date "1999.08.11"]
[Round "5"]
[White "Hillarp Persson, Tiger"]
[Black "Gunnarsson, Jon Viktor"]
[Result "1-0"]
[WhiteElo "2507"]
[BlackElo "2411"]
[Annotator "Stohl,I"]
[PlyCount "79"]
[EventDate "1999.08.05"]
[EventType "tourn"]
[EventRounds "13"]
[EventCountry "DEN"]
[EventCategory "9"]
[SourceTitle "CBM 073"]
[Source "ChessBase"]
[SourceDate "1999.12.01"]
[SourceVersion "1"]
[SourceVersionDate "1999.12.01"]
[SourceQuality "1"]

1. d4 Nf6 2. c4 c5 3. d5 b5 4. cxb5 a6 5. b6 Qxb6 6. Nc3 d6 7. Nf3 a5 $2 $146 {
A dubious novelty, which costs Black time and weakens the light squares.} (7...
g6 $142 8. Nd2 (8. a4 Bg7 9. Nd2 (9. a5 Qb4 10. Ra4 Qb7 11. e4 O-O 12. Be2 Bd7
13. Ra3 Bb5 14. Nd2 Nbd7 15. O-O Ne8 16. Rb3 Nc7 17. Nc4 Rab8 18. Bg5 Rfe8 19.
f4 Qa7 $132 20. e5 $2 Bxc4 21. Bxc4 Rb4 $1 $19 {Sutter,O-Bancod,R/Wohlen/1993/}
) 9... a5 $6 (9... O-O $5) 10. Ra3 Ba6 11. e4 Bxf1 12. Kxf1 Nbd7 13. Qe2 O-O
14. Rb3 Qc7 15. Nc4 Rfb8 16. Nb5 Qd8 17. Bd2 Ne5 18. Nxe5 dxe5 19. h4 h5 20. g3
Qd7 21. Rc3 Rc8 22. Kg2 $16 {Nicoara Etchegaray,M-Etchegaray,M/Val Thorens/
1995/}) 8... Nbd7 9. e4 Bg7 10. Be2 Qd8 (10... O-O 11. Nc4 Qc7 12. Bf4 Rb8 13.
O-O Nb6 14. Ne3 Ne8 15. Qd2 Qa7 16. a4 Nc7 17. Bg5 Re8 18. f4 a5 19. f5 Nd7 20.
Bb5 Nxb5 21. Nxb5 Qb7 22. Nc4 Ne5 23. Nxa5 Qd7 24. Bf4 Ba6 25. Bxe5 Bxe5 26.
Nc6 Bxb5 27. axb5 $1 Rxb5 28. Nxe5 dxe5 29. Ra3 $40 {Giorgadze,G-Zlochevskij,A/
Bad Woerishofen /1998/}) 11. O-O O-O 12. a4 Rb8 13. Nc4 (13. a5 Ne8 14. Nc4 Nc7
15. Na4 Nb5 $5 (15... Nf6 16. f3 Bd7 17. Nab6 (17. Be3 Bxa4 18. Rxa4 Nd7 19.
Qd2 Nb5 20. f4 Nd4 21. Bd1 Qc7 22. Qd3 e6 23. dxe6 fxe6 24. Nd2 Qc6 25. Ra2 Rb4
26. Nf3 Nxf3+ 27. Bxf3 Bxb2 28. Rd1 Bd4 $17 {Brenninkmeijer,J-Baklan,V/
Groningen/1996/}) 17... Bb5 18. Bd2 Bxc4 19. Nxc4 Nd7 20. Rb1 Nb5 21. Na3 Qc7
22. Nxb5 axb5 23. b4 c4 24. Be3 e6 25. dxe6 fxe6 26. f4 $13 {Shaked,T-Baklan,V/
WChJ Zagan/1997/}) 16. Bg5 Re8 17. Rb1 Qc7 18. Nab6 Nf6 19. Nxc8 Rbxc8 20. Bd3
Nd7 21. Bd2 e6 22. dxe6 fxe6 23. h4 d5 24. exd5 exd5 25. Ne3 c4 26. Be2 Nf6 27.
Ng4 Ne4 $36 {Hellsten,J-Baklan,V/BL 9798/1997/}) 13... Nb6 14. Na3 Ne8 15. Be3
Nc7 16. Qd2 Re8 17. Rab1 Bd7 18. b3 Rb7 19. Bg5 Qb8 20. Bh6 Bh8 21. Nc4 Nxc4
22. Bxc4 e6 23. Rbe1 Qd8 24. Re3 e5 25. f4 exf4 26. Bxf4 Bd4 27. Kh1 Qe7 28.
Ref3 $14 {Giorgadze,G-Baklan,V/BL 9798/1997/}) 8. e4 Nbd7 (8... g6 9. e5 $36)
9. Nd2 Ba6 10. Bxa6 Qxa6 11. a4 $1 $36 Ne5 {This costs Black only more time.} (
11... g6 $142 12. Nb5 Qb7 $14 {/\} 13. Nc4 Nb6) 12. Nb5 Nd3+ 13. Kf1 Qb7 14.
Nc4 $32 Nb4 (14... Nxc1 15. Rxc1 {/\e5->} Nxe4 $2 16. Qe2 f5 17. f3 $18 {
[%csl Rd6]}) 15. Bf4 Ra6 (15... Nxe4 16. Qe2 f5 17. f3 Nxd5 18. Bxd6 $1 Nef6
19. Bxc5 $16 {->}) 16. Qe2 Kd8 ({Even after} 16... g6 17. Rd1 $16 {Black will
hardly be able to get his K out off the [+].} {/\} Bg7 $2 18. Bxd6 $1 $18) 17.
Rd1 g6 18. e5 Nfxd5 (18... dxe5 19. Nxe5 Nbxd5 (19... Ke8 20. Nc6 $18) 20.
Nxf7+ Kc8 21. Nc7 $1 Nxf4 22. Qxa6 $18) 19. exd6 e6 (19... Nxf4 $2 20. dxe7+
Ke8 21. Ncd6+ $18) 20. Bg3 Bg7 21. h4 $40 Nc6 (21... h5 22. Be5 Bxe5 (22... f6
23. Nc7 $5 (23. Bc3 $16) 23... fxe5 24. Nxe6+ Kc8 25. Nxc5 Qc6 26. Nxa6 Nf4 27.
Nb6+ $1 Qxb6 28. Qc4+ Qc6 29. Rc1 $18) 23. Qxe5 Rg8 24. Nc7 $16 {/+-}) 22. h5
g5 $6 {The final mistake, but Black's position was under heavy pressure anyway.
} (22... Kc8 23. d7+ $5 Qxd7 24. Nc7 $18) (22... Nd4 23. Nxd4 Bxd4 24. Be5 $16)
23. h6 Bf6 (23... Bf8 24. Rxd5 $1 exd5 25. Nc7 Bxd6 26. Nxd6 Qxc7 27. Qxa6 $18)
24. Rxd5 $1 {[%mdl 64] A simple, but nice tactical solution.} exd5 25. Qf3 $18
{The Bf6 is trapped.} Bd4 $8 26. Nxd4 cxd4 (26... Nxd4 $2 27. Qf6+ Kd7 28. Ne5+
$18 {/\Qh8#}) 27. Qf6+ Kd7 28. Qxf7+ $1 (28. Qxh8 dxc4 29. Qxh7 $18 {[%csl Gh6]
o^h6}) 28... Kc8 29. d7+ Qxd7 (29... Kd8 30. Nd6 Qxd7 31. Qf6+ $18) 30. Nd6+
Kc7 31. Nb5+ $138 (31. Ne4+ $18) (31. Nb7+ $18) 31... Kc8 32. Nd6+ Kc7 33. Ne4+
Kc8 34. Qxd7+ Kxd7 35. Nc5+ {White gains a piece and the game is over.} Kc8 36.
Nxa6 Re8 37. Nc7 Re7 38. Nxd5 Re8 39. f3 d3 40. Nc3 1-0

[Event "Moscow Aeroflot op-A"]
[Site "Moscow"]
[Date "2004.02.17"]
[Round "1"]
[White "Grachev, Boris V"]
[Black "Tregubov, Pavel V"]
[Result "0-1"]
[WhiteElo "2506"]
[BlackElo "2628"]
[Annotator "Stohl,I"]
[PlyCount "84"]
[EventDate "2004.02.17"]
[EventType "swiss"]
[EventRounds "9"]
[EventCountry "RUS"]
[SourceTitle "CBM 100"]
[Source "ChessBase"]
[SourceDate "2004.06.01"]
[SourceVersion "1"]
[SourceVersionDate "2004.06.01"]
[SourceQuality "1"]

1. d4 Nf6 2. c4 c5 3. d5 b5 4. Nd2 bxc4 ({Grachev specializes in the 4.Nd2
line and knows its nuances well - a good example of this is the following game:
} 4... Qa5 5. Qc2 bxc4 6. e4 Ba6 7. Bxc4 Bxc4 8. Qxc4 d6 9. b3 $5 g6 10. Bb2
Bg7 11. Bc3 $1 Qa6 12. f4 $1 O-O 13. Ngf3 Qxc4 14. bxc4 Nbd7 15. O-O Nh5 (15...
e5 $142 $5) 16. Bxg7 Kxg7 17. g3 Rab8 18. Rab1 Nhf6 19. Rb3 Rb6 20. e5 $16 {
Grachev,B-Martynov,P/St Petersburg-Moscow/2003/}) 5. e4 c3 6. bxc3 g6 7. c4 d6
8. Ngf3 (8. Bb2 Bg7 9. Ngf3 (9. Bd3 O-O 10. Qc2 e5 11. dxe6 $6 Bxe6 12. Ne2 Nc6
13. a3 Rb8 14. Bc3 Ng4 15. Bxg7 Kxg7 16. O-O Qf6 17. Ra2 g5 18. h3 Nge5 19. f4
gxf4 20. Nxf4 Qg5 21. Kh1 Nd4 $40 {Grachev,B-Poluljahov,A/RUS-ch Krasnodar/
2002/}) 9... O-O 10. Bd3 e5 (10... Nxd5 11. Bxg7 Nf4 12. Bh6 Nxd3+ 13. Ke2 Nb4
14. Bxf8 Qxf8 15. Re1 Qg7 16. a3 N4c6 17. Kf1 Nd7 18. Rb1 Nb6 19. Kg1 h6 20. e5
$1 $14 {Postny,E-Shevelev,A/Ashdod/2003/}) 11. h4 $5 (11. O-O Nh5 12. Bc2 Nd7
13. Rb1 Nb6 14. Bc3 Bd7 15. Re1 Bh6 16. Bd3 f5 $1 17. exf5 Nf4 18. Bf1 gxf5 19.
g3 Ng6 20. Nb3 Rf7 21. Nfd2 Qf8 22. Na5 Re8 23. Nc6 e4 24. a4 e3 $40 {
Moskalenko,V-Ponomariov,R/Alushta/1999/ Model play by Black in these
structures.}) 11... Nh5 12. g3 Qe8 (12... f5 $142 $5 $13) 13. Be2 f5 14. Ng5
Nf6 15. h5 $1 h6 16. Ne6 Bxe6 17. dxe6 Nc6 18. hxg6 (18. Bd3 $1 $14) 18... fxe4
19. Rh4 Qxe6 (19... Qxg6 $5 $15) 20. Nxe4 Nxe4 21. Rxe4 Nd4 22. Bxd4 cxd4 23.
Bd3 $13 {Reich,T-Bischoff,D/GER-ch Hoeckendorf/2004/}) 8... Bg7 9. Rb1 {
After the game with Poluljahov Grachev came to the conclusion the Bc1 should
stay on the c1-h6/^, as Black usually closes the [+] with e5 anyway.} O-O 10.
Bd3 e5 {A typical move in this line, ignoring White's [+] usually causes Black
problems later on:} (10... Nbd7 11. O-O Qc7 12. Bb2 Rb8 13. Qc2 Ng4 14. Bxg7
Kxg7 15. Qc3+ Kg8 16. Rxb8 Qxb8 17. Rb1 Qc7 18. Bc2 Nb6 19. h3 Nf6 20. e5 $36 {
Ornstein,A-Brynell,S/Sollentuna/1995/}) 11. O-O (11. Nb3 Nh5 12. O-O Nf4 13.
Bxf4 exf4 14. Qd2 g5 15. g3 Bg4 16. Kg2 Nd7 17. gxf4 Bxf3+ 18. Kxf3 Qf6 19. f5
Ne5+ 20. Kg2 g4 21. Be2 Bh6 22. Qc3 Bf4 23. h3 h5 24. hxg4 hxg4 25. Rh1 Kg7 $44
{Kortschnoj,V-Khalifman,A/Yalta act/1995/}) 11... Nbd7 $5 $146 {A slight
change in the move-order, compared with Ovetchkin's choice. Black wants to
play on the >>, but doesn't do it so directly (and stubbornly).} (11... Nh5 12.
Bc2 Nf4 (12... Nd7 13. g3 Nb6 $13) 13. Re1 Nd7 14. Nf1 Nb6 15. Ne3 f5 16. a4
fxe4 $6 (16... a5 $1 $132) 17. Bxe4 Ba6 18. Qc2 Rf7 19. h4 Qe7 20. Ng5 $16 {
Grachev,B-Ovetchkin,R/RUS-ch Krasnodar/2002/}) (11... Na6 12. a3 Bd7 13. Bc2
Rb8 14. Nb3 Ba4 15. Re1 Nd7 16. Bd2 Bxb3 17. Bxb3 Qe7 18. Qc2 Nb6 19. Qc3 Nc7
20. a4 $14 {Kharitonov,A-Jones,G/WChJ U16 Heraklio/2002/}) 12. Re1 Nh5 13. Bc2
{Only this in connection with White's next move is a new idea, after} (13. Nf1
Nf4 (13... f5 $2 14. exf5 gxf5 15. Ng5 Ndf6 $8 16. Ne6 Bxe6 17. dxe6 {[%cal
Rd3f5] /\Bf5+-} e4 18. Be2 Qe8 19. e7 $1 $18) 14. Bc2 Nb6 15. Ne3 {we have the
position from Grachev-Ovetchkin.}) 13... Nb6 14. Re3 $5 Bd7 (14... Nf4 $13) (
14... Bg4 $5 15. a4 (15. h3 Bd7 {[%cal Yh5f4] /\Nf4|^>>}) 15... Bh6 $13) (14...
Bh6 15. Rc3 Bd7 $11) 15. a4 a5 16. Reb3 Ra6 $1 {[%cal Rd7a4] /\Ba4} (16... Nxa4
17. Nf1 f5 18. Bd2 $44 {[%csl Ra4] פa4}) 17. Ra3 Bh6 18. Bb2 Qe8 {[%cal Yf7f5]
/\f5} (18... f5 19. exf5 $16 {/\} gxf5 $2 20. Nxe5 dxe5 21. Qxh5 Bxd2 22. Rg3+
Kh8 23. Bxe5+ $18) (18... Be8 19. Bc3 f5 $13 {was interesting, Black prevents
the tactic from the game and his Ra6 may rejoin the attack via a7. On the
other hand his B belongs on the c8-h3/^.}) (18... Ng7 $5 {[%cal Rf7f5] /\f5})
19. Bc3 f5 $6 {Consistent, but Black should have rather admitted his mistake
with} (19... Qd8 $14 {/<=>~~}) 20. exf5 {Opening the position helps Black to
get more counterchances.} (20. Bxa5 $142 $5 Nxd5 21. cxd5 Rxa5 22. Rb6 {
[%cal Rd2c4] /\Nc4|^+/-}) 20... gxf5 21. Bxa5 Nxd5 22. cxd5 Rxa5 23. Rb6 e4 24.
Nc4 Ra7 25. Nxd6 $6 {[%mdl 64] White starts to falter, inviting tactical
complications is downright dangerous and moreover not necessary.} (25. Nfd2 Nf6
26. Nxd6 Qe5 27. Nb5 $14) (25. Nfe5 $142 $5 dxe5 26. Rxh6 Nf4 (26... Nf6 27.
Qd2 $40) 27. f3 $36 {/+/-}) 25... Qd8 $1 (25... Qe7 $2 26. Nxe4 fxe4 27. Rxh6
Bg4 28. d6 $16) 26. Rb7 $2 (26. Nc8 $1 Bf4 $5 27. Nxa7 Qxb6 $15) 26... Rxb7 27.
Nxb7 Qc7 28. d6 (28. Ne5 Qxe5 29. Qxh5 Qb2 $17) 28... Qxb7 29. Ne5 (29. Bb3+ $2
Kg7 30. Ne5 Nf6 $19 {keeps White's Ra3 offside.}) 29... Nf6 (29... Nf4 $5 30.
Rg3+ Bg7 (30... Kh8 $5 31. Bb3 Bg7 32. Nf7+ Rxf7 33. Bxf7 Bxa4 $19) 31. Qd2 (
31. Bb3+ Be6 32. Bxe6+ Nxe6 33. Rb3 Qa8 $19) 31... Qb4 $5 32. Qxb4 cxb4 33.
Nxd7 Rd8 $19 {[%cal Rd8d7,Rf4e2] /\Rd7,Ne2}) 30. Rg3+ Ng4 $2 (30... Bg7 $1 31.
Bb3+ (31. Qd2 Be6 $19) 31... Kh8 32. Nf7+ Rxf7 33. Bxf7 Bxa4 34. Bb3 Be8 $17 {
/-+}) 31. h3 (31. Bxe4 fxe4 (31... Qxe4 $6 32. Nxd7 $36) 32. Nxd7 Qxd7 33.
Rxg4+ Kh8 34. Rxe4 Rf6 $17 {[%csl Gc5] o^c}) 31... Bf4 32. Bb3+ Kg7 (32... Kh8
33. Nxg4 Bxa4 $1 (33... fxg4 $4 34. Qa1+ $18) 34. Bxa4 Bxg3 35. d7 fxg4 $8 36.
d8=Q Bxf2+ 37. Kh1 Rxd8 38. Qxd8+ Kg7 39. Qg5+ $11) 33. Bd5 $2 $138 (33. Qa1 $5
Bxg3 (33... Kh6 34. hxg4 Bxg3 35. fxg3 Qxb3 36. Qc1+ e3 37. Nxd7 $36) 34. Nxd7+
Nf6 (34... Kh6 35. Nxf8 Bxf2+ 36. Kh1 $132) 35. Nxc5 (35. Nxf8 Qxb3 36. fxg3
Qf7 $17) 35... Qb4 36. Ne6+ Kf7 37. Ba2 $1 $13) 33... Qb2 $138 (33... Bxg3 $1
34. Bxb7 (34. fxg3 Qb2 35. Nxd7 Ne3 $19) 34... Bxf2+ 35. Kh1 Nxe5 $19) 34.
Rxg4+ fxg4 35. Nxd7 e3 $1 36. Nxf8 $6 {Now Black wins nicely, but the game was
beyond saving even after the better} (36. fxe3 $8 Bxe3+ 37. Kh2 (37. Kh1 Rf4 (
37... Rd8 $5 {/\} 38. Qxg4+ Kh8 $40) 38. Qe1 Qf2 $19) 37... Rf4 38. Qe1 Qf2 (
38... Qd4 $5 $40) 39. Qxf2 Bxf2 40. g3 Rxa4 $19) 36... e2 $1 37. Qe1 (37. Qxe2
Qxe2 38. Ne6+ Kf6 39. Nxf4 Qd1+ 40. Kh2 Qd4 41. g3 (41. Kg3 Ke5 $19) 41...
Qxf2+ 42. Bg2 Qd2 $19) 37... Qc1 $19 38. Ne6+ Kh6 39. Qxc1 Bxc1 40. d7 e1=Q+
41. Kh2 Qxf2 $1 {The mating attack decides the game.} 42. hxg4 (42. d8=Q g3+
43. Kh1 Qf1#) 42... Qh4+ (42... Qh4+ 43. Kg1 Be3+ 44. Kf1 Qf2#) 0-1